The days of Henry Thoreau

保存先:
書誌詳細
第一著者: Harding, Walter
フォーマット: 図書
言語:Undetermined
出版事項: New York, Estados Unidos Alfred A. Knopf 1967
主題:
タグ: タグ追加
タグなし, このレコードへの初めてのタグを付けませんか!

MARC

LEADER 00000nam a2200000Ia 4500
008 170316s9999 xx 000 0 und d
040 |a cru BVZT 
090 |a B-810 H-1d 
100 |a Harding, Walter 
245 4 |a The days of Henry Thoreau 
260 |a New York, Estados Unidos 
260 |b Alfred A. Knopf 
260 |c 1967 
300 |a 472 páginas 
650 |a LITERATURA ESTADOUNIDENSE 
650 |a BIOGRAFÍA 
999 |c 12679  |d 12679 
942 |c 15 D  |h B-810 H-1d  |2 z